<?xml version="1.0" encoding="UTF-8"?>
<record
    xmlns:xsi="http://www.w3.org/2001/XMLSchema-instance"
    xsi:schemaLocation="http://www.loc.gov/MARC21/slim http://www.loc.gov/standards/marcxml/schema/MARC21slim.xsd"
    xmlns="http://www.loc.gov/MARC21/slim">

  <leader>00368nam a22001337a 4500</leader>
  <controlfield tag="005">20200710125421.0</controlfield>
  <controlfield tag="008">200710b        xxu||||| |||| 00| 0 eng d</controlfield>
  <datafield tag="082" ind1=" " ind2=" ">
    <subfield code="a">345.4005 BHA-I</subfield>
  </datafield>
  <datafield tag="100" ind1=" " ind2=" ">
    <subfield code="a">BHATT VIJAY</subfield>
    <subfield code="9">6284</subfield>
  </datafield>
  <datafield tag="245" ind1=" " ind2=" ">
    <subfield code="a">INDIAN BAR REVIEW Vol. XLII(1) 2015 (JAN TO MAR)</subfield>
  </datafield>
  <datafield tag="260" ind1=" " ind2=" ">
    <subfield code="a">NEW DELHI</subfield>
    <subfield code="b">BAR COUNCIAL OF INDIA TRUST</subfield>
    <subfield code="c">2015</subfield>
  </datafield>
  <datafield tag="300" ind1=" " ind2=" ">
    <subfield code="a">292p.</subfield>
  </datafield>
  <datafield tag="942" ind1=" " ind2=" ">
    <subfield code="c">JRL</subfield>
  </datafield>
  <datafield tag="999" ind1=" " ind2=" ">
    <subfield code="c">7412</subfield>
    <subfield code="d">7410</subfield>
  </datafield>
  <datafield tag="952" ind1=" " ind2=" ">
    <subfield code="0">0</subfield>
    <subfield code="1">0</subfield>
    <subfield code="4">0</subfield>
    <subfield code="7">0</subfield>
    <subfield code="8">LAW</subfield>
    <subfield code="a">JRU</subfield>
    <subfield code="b">JRU</subfield>
    <subfield code="c">SHELF-33-B</subfield>
    <subfield code="d">2020-07-22</subfield>
    <subfield code="e">PURCHASE</subfield>
    <subfield code="g">16000.00</subfield>
    <subfield code="l">0</subfield>
    <subfield code="o">345.4005 BHA-I</subfield>
    <subfield code="p">24990</subfield>
    <subfield code="r">2020-07-10 00:00:00</subfield>
    <subfield code="w">2020-07-22</subfield>
    <subfield code="y">JRL</subfield>
  </datafield>
  <datafield tag="952" ind1=" " ind2=" ">
    <subfield code="0">0</subfield>
    <subfield code="1">0</subfield>
    <subfield code="4">0</subfield>
    <subfield code="7">0</subfield>
    <subfield code="8">LAW</subfield>
    <subfield code="a">JRU</subfield>
    <subfield code="b">JRU</subfield>
    <subfield code="c">SHELF-33-B</subfield>
    <subfield code="d">2020-07-22</subfield>
    <subfield code="e">PURCHASE</subfield>
    <subfield code="g">16000.00</subfield>
    <subfield code="l">0</subfield>
    <subfield code="o">345.4005 BHA-I</subfield>
    <subfield code="p">24991</subfield>
    <subfield code="r">2020-07-10 00:00:00</subfield>
    <subfield code="w">2020-07-22</subfield>
    <subfield code="y">JRL</subfield>
  </datafield>
  <datafield tag="952" ind1=" " ind2=" ">
    <subfield code="0">0</subfield>
    <subfield code="1">0</subfield>
    <subfield code="4">0</subfield>
    <subfield code="7">0</subfield>
    <subfield code="8">LAW</subfield>
    <subfield code="a">JRU</subfield>
    <subfield code="b">JRU</subfield>
    <subfield code="c">SHELF-33-B</subfield>
    <subfield code="d">2020-07-22</subfield>
    <subfield code="e">PURCHASE</subfield>
    <subfield code="g">16000.00</subfield>
    <subfield code="l">0</subfield>
    <subfield code="o">345.4005 BHA-I</subfield>
    <subfield code="p">24992</subfield>
    <subfield code="r">2020-07-10 00:00:00</subfield>
    <subfield code="w">2020-07-22</subfield>
    <subfield code="y">JRL</subfield>
  </datafield>
  <datafield tag="952" ind1=" " ind2=" ">
    <subfield code="0">0</subfield>
    <subfield code="1">0</subfield>
    <subfield code="4">0</subfield>
    <subfield code="7">0</subfield>
    <subfield code="8">LAW</subfield>
    <subfield code="a">JRU</subfield>
    <subfield code="b">JRU</subfield>
    <subfield code="c">SHELF-33-B</subfield>
    <subfield code="d">2020-07-22</subfield>
    <subfield code="e">PURCHASE</subfield>
    <subfield code="g">16000.00</subfield>
    <subfield code="l">0</subfield>
    <subfield code="o">345.4005 BHA-I</subfield>
    <subfield code="p">24993</subfield>
    <subfield code="r">2020-07-10 00:00:00</subfield>
    <subfield code="w">2020-07-22</subfield>
    <subfield code="y">JRL</subfield>
  </datafield>
  <datafield tag="952" ind1=" " ind2=" ">
    <subfield code="0">0</subfield>
    <subfield code="1">0</subfield>
    <subfield code="4">0</subfield>
    <subfield code="7">0</subfield>
    <subfield code="8">LAW</subfield>
    <subfield code="a">JRU</subfield>
    <subfield code="b">JRU</subfield>
    <subfield code="c">SHELF-33-B</subfield>
    <subfield code="d">2020-07-22</subfield>
    <subfield code="e">PURCHASE</subfield>
    <subfield code="g">16000.00</subfield>
    <subfield code="l">0</subfield>
    <subfield code="o">345.4005 BHA-I</subfield>
    <subfield code="p">24994</subfield>
    <subfield code="r">2020-07-10 00:00:00</subfield>
    <subfield code="w">2020-07-22</subfield>
    <subfield code="y">JRL</subfield>
  </datafield>
  <datafield tag="952" ind1=" " ind2=" ">
    <subfield code="0">0</subfield>
    <subfield code="1">0</subfield>
    <subfield code="4">0</subfield>
    <subfield code="7">0</subfield>
    <subfield code="8">LAW</subfield>
    <subfield code="a">JRU</subfield>
    <subfield code="b">JRU</subfield>
    <subfield code="c">SHELF-33-B</subfield>
    <subfield code="d">2020-07-22</subfield>
    <subfield code="e">PURCHASE</subfield>
    <subfield code="g">16000.00</subfield>
    <subfield code="l">0</subfield>
    <subfield code="o">345.4005 BHA-I</subfield>
    <subfield code="p">24995</subfield>
    <subfield code="r">2020-07-10 00:00:00</subfield>
    <subfield code="w">2020-07-22</subfield>
    <subfield code="y">JRL</subfield>
  </datafield>
  <datafield tag="952" ind1=" " ind2=" ">
    <subfield code="0">0</subfield>
    <subfield code="1">0</subfield>
    <subfield code="4">0</subfield>
    <subfield code="7">0</subfield>
    <subfield code="8">LAW</subfield>
    <subfield code="a">JRU</subfield>
    <subfield code="b">JRU</subfield>
    <subfield code="c">SHELF-33-B</subfield>
    <subfield code="d">2020-07-22</subfield>
    <subfield code="e">PURCHASE</subfield>
    <subfield code="g">16000.00</subfield>
    <subfield code="l">0</subfield>
    <subfield code="o">345.4005 BHA-I</subfield>
    <subfield code="p">24996</subfield>
    <subfield code="r">2020-07-10 00:00:00</subfield>
    <subfield code="w">2020-07-22</subfield>
    <subfield code="y">JRL</subfield>
  </datafield>
  <datafield tag="952" ind1=" " ind2=" ">
    <subfield code="0">0</subfield>
    <subfield code="1">0</subfield>
    <subfield code="4">0</subfield>
    <subfield code="7">0</subfield>
    <subfield code="8">LAW</subfield>
    <subfield code="a">JRU</subfield>
    <subfield code="b">JRU</subfield>
    <subfield code="c">SHELF-33-B</subfield>
    <subfield code="d">2020-07-22</subfield>
    <subfield code="e">PURCHASE</subfield>
    <subfield code="g">16000.00</subfield>
    <subfield code="l">0</subfield>
    <subfield code="o">345.4005 BHA-I</subfield>
    <subfield code="p">24997</subfield>
    <subfield code="r">2020-07-10 00:00:00</subfield>
    <subfield code="w">2020-07-22</subfield>
    <subfield code="y">JRL</subfield>
  </datafield>
  <datafield tag="952" ind1=" " ind2=" ">
    <subfield code="0">0</subfield>
    <subfield code="1">0</subfield>
    <subfield code="4">0</subfield>
    <subfield code="7">0</subfield>
    <subfield code="8">LAW</subfield>
    <subfield code="a">JRU</subfield>
    <subfield code="b">JRU</subfield>
    <subfield code="c">SHELF-33-B</subfield>
    <subfield code="d">2020-07-22</subfield>
    <subfield code="e">PURCHASE</subfield>
    <subfield code="g">16000.00</subfield>
    <subfield code="l">0</subfield>
    <subfield code="o">345.4005 BHA-I</subfield>
    <subfield code="p">24998</subfield>
    <subfield code="r">2020-07-10 00:00:00</subfield>
    <subfield code="w">2020-07-22</subfield>
    <subfield code="y">JRL</subfield>
  </datafield>
  <datafield tag="952" ind1=" " ind2=" ">
    <subfield code="0">0</subfield>
    <subfield code="1">0</subfield>
    <subfield code="4">0</subfield>
    <subfield code="7">0</subfield>
    <subfield code="8">LAW</subfield>
    <subfield code="a">JRU</subfield>
    <subfield code="b">JRU</subfield>
    <subfield code="c">SHELF-33-B</subfield>
    <subfield code="d">2020-07-22</subfield>
    <subfield code="e">PURCHASE</subfield>
    <subfield code="g">16000.00</subfield>
    <subfield code="l">0</subfield>
    <subfield code="o">345.4005 BHA-I</subfield>
    <subfield code="p">24999</subfield>
    <subfield code="r">2020-07-10 00:00:00</subfield>
    <subfield code="w">2020-07-22</subfield>
    <subfield code="y">JRL</subfield>
  </datafield>
</record>
